Detalles MARC
| 000 -LIDER |
| fixed length control field |
00917nam a22003017a 4500 |
| 001 - NÚMERO DE CONTROL |
| Identificador de número de control |
000446 |
| 003 - IDENTIFICACDOR DE NÚMERO DE CONTROL |
| control field |
DO-SdBNP |
| 005 - DATE AND TIME OF LATEST TRANSACTION |
| control field |
20171121093442.0 |
| 007 - CAMPOS FIJOS DE DESCRIPCIÓN FÍSICA |
| fixed length control field |
000446 |
| 008 - ELEMENTOS DE LONGITUD FIJA |
| fixed length control field |
160830b 2009 sp ||||| |||| 00| 0 spa d |
| 020 ## - ISBN |
| International Standard Book Number |
9788466322980 |
| 040 ## - FUENTE DE CATALOGACIÓN |
| Agencia que crea de manera original el registro |
BPMSU |
| Idioma de catalogación |
spa |
| Agencia que realiza la transcripción |
BPMSU |
| 082 #4 - NÚMERO DE CLASIFICACIÓN DECIMAL DE DEWEY |
| Classification number |
Cu696 |
| Item number |
R696c |
| 100 1# - ASIENTO PRINCIPAL -- NOMBRE PERSONAL |
| Nombre personal |
Rodríguez, Antonio Orlando |
| 245 10 - MENCIÓN DE TITULO |
| Título |
Chiquita / |
| Mención de responsabilidad |
Antonio Orlando Rodríguez. |
| 260 ## - PUBLICACIÓN, DISTRIBUCIÓN, ETC. (PIE DE IMPRENTA) |
| Lugar de publicación, distribución, etc |
Madrid : |
| Nombre del editor, distribuidor, etc. |
Punto de Lectura, |
| -- |
Santillana Ediciones Generales, |
| Fecha de publicación, distribución, etc |
2009. |
| 300 ## - DESCRIPCIÓN FÍSICA |
| Extensión |
660 p. ; |
| Dimensiones |
20 cm. |
| 490 1# - MENCIÓN DE SERIES |
| Mención de serie |
Punto de lectura, |
| Volume/sequential designation |
336 |
| 490 1# - MENCIÓN DE SERIES |
| Mención de serie |
Narrativa. |
| Volume/sequential designation |
1 |
| 586 ## - AWARDS NOTE |
| Awards note |
Premio Alfaguara de novela 2008 |
| 650 #4 - ENCABEZAMIENTO DE MATERIA--TEMÁTICO |
| Término temático o nombre geográfico como elemento de entrada |
NOVELA CUBANA |
| 650 #4 - ENCABEZAMIENTO DE MATERIA--TEMÁTICO |
| Término temático o nombre geográfico como elemento de entrada |
LITERATURA CUBANA |
| 830 #0 - ASIENTO SECUNDARIO DE SERIE--TÍTULO UNIFORME |
| Título uniforme |
Punto de lectura ; |
| Volume number/sequential designation |
336 |
| Nombre de la parte o sección de una obra |
Narrativa; 1 |
| 910 ## - VALIDACIÓN |
| Validación |
Validado. Control de calidad MFF |
| 942 ## - ADDED ENTRY ELEMENTS (KOHA) |
| Source of classification or shelving scheme |
Dewey Decimal Classification |
| Koha item type |
Libros |
| 945 ## - INFORMACIÓN DE PROCESAMIENTO LOCAL |
| Información de procesamiento local |
Inventariado, 2017/MFF |
| 956 ## - LOCAL ELECTRONIC LOCATION AND ACCESS (OCLC) |
| Método de acceso |
LOPEREZ |
| Materiales especificados |
10 |
| Enlace |
20160830 |
| Campo enlazado y núm. de secuencia |
BPMSU |
| Nombre de host |
00041 |